01200 2200481 4500001002100000005001500021035002000036245006900056100001700125250000600142300003100148700001600179260003800195082000800233084001500241020002200256650001500278990001700293990001700310990001700327990001700344990001700361990001700378990001700395990001700412990001700429990001700446990001700463990001700480990001700497990001700514990001700531990001700548990001700565990001700582990001700599990001700616990001700633990001700650990001700667990001700684990001700701INLIS00000000000009320180825110911 a0010-08180000571 aSiapakah Penemu Angka Nol ? /cJ. Zahrani K; Editor, Edi Warsidi0 aJ. Zahrani K a- a64 hlm. :bilus. ;c21 cm.0 aEdi Warsidi aBandung :bPT Puri Pustaka,c2009 a510 a510 Zah s a978-602-8712-05-7 aMatematika a00386/P/2018 a00387/P/2018 a00388/P/2018 a00389/P/2018 a00390/P/2018 a00390/P/2018 a00386/P/2018 a00387/P/2018 a00388/P/2018 a00389/P/2018 a00386/P/2018 a00387/P/2018 a00388/P/2018 a00389/P/2018 a00390/P/2018 a00387/P/2018 a00386/P/2018 a00388/P/2018 a00389/P/2018 a00390/P/2018 a00388/P/2018 a00386/P/2018 a00387/P/2018 a00389/P/2018 a00390/P/2018